Statistiques concernant Pays en P

Cliquez ici pour prendre le quiz!

Statistiques générales

  • Ce quiz a été pris 547 fois
  • Le résultat moyen est 8 sur 11

Statistiques - réponses

Pays% Correct
Portugal
89%
Pakistan
81%
Pérou
79%
Pologne
79%
Panama
76%
Paraguay
75%
Papouasie-Nouvelle-Guinée
67%
Palaos
60%
Philippines
58%
Pays-Bas
49%
Palestine
36%

Distribution des résultats

Percentile par nombre de réponses

% des personnes avec chaque résultat

Votre développement - résultats

Vous n’avez pas pris ce quiz